000 00899cam a2200217Ma 4500
082 _a620.009
_bVER
_cL-Tech, P-141
100 1 _aVernon-Harcourt, Leveson Francis,
_940592
245 1 0 _aAchievements in engineering during the last half century
_cby L.F. Vernon-Harcourt.
250 _a2nd ed.
260 _aLondon :
_bSeeley,
_c1892
300 _a1 online resource ([1], vi, [2], 311 p., [13] leaves of plates) :
_bill., port.
490 1 _aNineteenth Century Collections Online (NCCO): Science, Technology, and Medicine: 1780-1925
500 _aBookplate: p. [1], first count.
500 _aIncludes index.
500 _aReproduction of the original from the Huntington Library.
526 _a0
_b0
_c0
_d620_009000000000000_VER
650 0 _aCivil engineering
_xHistory.
_940593
650 0 _aMCE
_9379
856 4 0 _uhttp://www.columbia.edu/cgi-bin/cul/resolve?clio10759545
942 _2ddc
_cBK
999 _c544845
_d544845